Statistics for Airline-Country Quiz

Click here to take the quiz!

General Stats

  • This quiz has been taken 158 times
  • The average score is 11 of 15

Answer Stats

HintAnswer% Correct
LufthansaGermany
98%
AlitaliaItaly
96%
AeroflotRussia
96%
Southwest AirlinesUnited States
90%
Szechuan AirlinesChina
89%
EasyjetUnited Kingdom
89%
Air AsiaMalaysia
88%
Garuda ----------Indonesia
76%
WestjetCanada
75%
Jet AirwaysIndia
75%
CondorGermany
67%
Copa AirlinesPanama
58%
VolarisMexico
48%
Blue1Finland
42%
ArkiaIsrael
42%

Score Distribution

Percentile by Number Answered

Percent of People with Each Score

Your Score History

You have not taken this quiz